Statistics for Highest population density

Click here to take the quiz!

General Stats

  • This quiz has been taken 16 times
  • The average score is 13 of 20

Answer Stats

DensityCountry% Correct
46,823Monaco
92%
1,359Netherlands
92%
21,834Singapore
92%
1,256India
85%
1,114Israel
85%
1,373South korea
85%
4,945Bahrain
77%
1,321Lebanon
77%
4,344Malta
77%
3,476Bangladesh
69%
1,451San marino
62%
1,700Barbados
54%
4,471Maldives
54%
1,661Mauritius
54%
1,668Nauru
54%
1,035Philippines
54%
1,207Comoros
46%
1,115Haiti
46%
1,513Rwanda
31%
1,371Burundi
8%

Score Distribution

Percentile by Number Answered

Percent of People with Each Score

Your Score History

You have not taken this quiz